000 00738nam a22002411a 4500
005 20110718133853.0
008 091005s 001 0 eng d
020 _a0333172663 :
_c0.00
040 _aNEGST Library - Kenya
082 0 _aPZ 3.H222M45 1975
100 1 _aHardy Thomas.
245 1 4 _aThe Mayor of Casterbridge.
260 _bMacmillan education; Hou,
_c[1979]c1975.
300 _a441 p.
600 1 0 _aAtonement --Fiction.
600 1 0 _aAtonement --Fiction.
600 1 0 _aFathers and daughters --Fiction.
600 1 0 _aMayors --Fiction.
600 1 0 _aRunaway husbands --Fiction.
600 1 0 _aRunaway husbands --Fiction.
600 1 0 _aWessex (England) --Fiction.
852 _920.00
999 _c42769
_d42745